[Event "Biel op-B 56th"]
[Site "Biel"]
[Date "2023.07.26"]
[Round "9"]
[White "Liu, Zizheng"]
[Black "Schmid, Nicolas"]
[Result "0-1"]
[WhiteElo "1554"]
[BlackElo "1841"]
[PlyCount "68"]
[EventDate "2023.07.17"]
[EventType "swiss"]
[EventRounds "9"]
[EventCountry "SUI"]
[SourceTitle "EXT 2024"]
[Source "ChessBase"]
[SourceDate "2023.10.10"]
[SourceVersion "1"]
[SourceVersionDate "2023.10.10"]
[SourceQuality "1"]

1. d4 d5 2. c4 c6 3. cxd5 cxd5 4. Nf3 Nf6 5. Bf4 Nc6 6. e3 Qb6 7. Qd2 Ne4 8. Qc1 Bf5 9. Nc3 e6 10. Bb5 Nxc3 11. Bxc6+ bxc6 12. bxc3 Qa6 13. h3 Ba3 14. Qd2 0-0 15. Rg1 Rfc8 16. g4 Be4 17. Ng5 Bd3 18. Nf3 c5 19. Ne5 Bb5 20. Rb1 cxd4 21. exd4 Bd6 22. g5 Rc7 23. h4 Rac8 24. Rg3 Qa5 25. h5 Rxc3 26. Rxc3 Rxc3 27. Rxb5 Rc1+ 28. Ke2 Qxb5+ 29. Ke3 Rc8 30. g6 hxg6 31. hxg6 fxg6 32. f3 Qb1 33. Nxg6 Bb4 34. Qh2 Qe1+ 0-1

[Event "Biel op-B 56th"]
[Site "Biel"]
[Date "2023.07.19"]
[Round "3"]
[White "Liu, Zizheng"]
[Black "Cordes, Lothar"]
[Result "1-0"]
[WhiteElo "1554"]
[BlackElo "1754"]
[PlyCount "45"]
[EventDate "2023.07.17"]
[EventType "swiss"]
[EventRounds "9"]
[EventCountry "SUI"]
[SourceTitle "EXT 2024"]
[Source "ChessBase"]
[SourceDate "2023.10.10"]
[SourceVersion "1"]
[SourceVersionDate "2023.10.10"]
[SourceQuality "1"]

1. d4 Nf6 2. Nf3 e6 3. c4 b6 4. Bg5 Bb7 5. e3 Be7 6. Nc3 Ne4 7. Nxe4 Bxe4 8. Bxe7 Qxe7 9. Bd3 Bxd3 10. Qxd3 Qb4+ 11. Qd2 Qxc4 12. Rc1 Qxa2 13. Rxc7 Kd8 14. Rc1 Nc6 15. 0-0 f6 16. e4 Qa5 17. Qf4 Rc8 18. e5 Ke7 19. exf6+ gxf6 20. d5 Qxd5 21. Rfd1 e5 22. Qg4 Qe6 23. Qg7+ 1-0

[Event "Harrogate 4NCL op-B 29th"]
[Site "Harrogate"]
[Date "2023.01.21"]
[Round "3"]
[White "Liu, Zizheng"]
[Black "Doherty, Paul D"]
[Result "1-0"]
[WhiteElo "1611"]
[BlackElo "1778"]
[PlyCount "161"]
[EventDate "2023.01.20"]
[EventType "swiss"]
[EventRounds "5"]
[EventCountry "ENG"]
[SourceTitle "CBM 212 Extra"]
[Source "ChessBase"]
[SourceDate "2023.03.31"]
[SourceVersion "1"]
[SourceVersionDate "2023.03.31"]
[SourceQuality "1"]

1. e4 Nc6 2. Nf3 f5 3. exf5 d5 4. d4 a6 5. Ne5 Nxe5 6. dxe5 Bxf5 7. Bg5 Qd7 8. Bd3 g6 9. 0-0 Bg7 10. Re1 Nh6 11. Nc3 c6 12. h3 Qe6 13. Na4 0-0 14. Qd2 Nf7 15. Nc5 Qc8 16. Bxe7 Re8 17. Bf6 Bh6 18. Qb4 Bf8 19. Qd4 Bxc5 20. Qxc5 Qe6 21. Re3 Rab8 22. Rae1 Nh6 23. Qd4 Bxd3 24. Rxd3 Nf5 25. Qf4 Rf8 26. Qg5 Nd6 27. h4 Ne4 28. Rxe4 dxe4 29. Qh6 Rf7 30. Rg3 Rxf6 31. exf6 Qxf6 32. h5 Qg7 33. Qf4 Re8 34. hxg6 hxg6 35. Qd6 Kf7 36. Qd7+ Re7 37. Qd6 Qf6 38. Qb4 g5 39. Rg4 Qf5 40. Qc4+ Kf6 41. Qd4+ Kg6 42. Rg3 Rd7 43. Qc4 Rd5 44. Re3 Qf4 45. g3 Qf5 46. Rxe4 Qf3 47. Re1 Kf6 48. Qb4 Kf5 49. Qf8+ Kg4 50. Qc8+ Rf5 51. Rf1 b5 52. Qd7 Qd5 53. Qxd5 Rxd5 54. Kg2 Rd2 55. Rc1 Kf5 56. Kf3 g4+ 57. Ke3 Rd5 58. Ke2 Re5+ 59. Kd2 c5 60. Re1 Rd5+ 61. Kc3 a5 62. Re2 Rd4 63. b3 b4+ 64. Kb2 Re4 65. Rd2 Rd4 66. Rxd4 cxd4 67. Kc1 Ke4 68. Kd2 Kf3 69. Ke1 Ke4 70. Ke2 Kf5 71. f3 gxf3+ 72. Kxf3 Ke5 73. g4 Kf6 74. Ke4 Kg5 75. Kxd4 Kxg4 76. Kc4 Kf4 77. Kb5 Ke5 78. Kxa5 Kd6 79. Kxb4 Kc6 80. a4 Kb6 81. c4 1-0

[Event "Harrogate 4NCL op-B 29th"]
[Site "Harrogate"]
[Date "2023.01.21"]
[Round "2"]
[White "Rida, Ruqayyah"]
[Black "Liu, Zizheng"]
[Result "1-0"]
[WhiteElo "1786"]
[BlackElo "1611"]
[PlyCount "85"]
[EventDate "2023.01.20"]
[EventType "swiss"]
[EventRounds "5"]
[EventCountry "ENG"]
[SourceTitle "CBM 212 Extra"]
[Source "ChessBase"]
[SourceDate "2023.03.31"]
[SourceVersion "1"]
[SourceVersionDate "2023.03.31"]
[SourceQuality "1"]

1. e4 e5 2. Nf3 d6 3. d4 Nd7 4. Nc3 Be7 5. Bc4 c6 6. 0-0 Ngf6 7. Re1 0-0 8. a4 h6 9. h3 Qc7 10. Be3 Re8 11. Bf1 Nf8 12. Qd3 Ng6 13. Rad1 Nh5 14. g3 Be6 15. Bg2 Qc8 16. Qf1 Rf8 17. g4 Nhf4 18. Bxf4 exf4 19. Qd3 Bd7 20. b3 Kh7 21. Ne2 Rh8 22. e5 d5 23. Nxf4 Kg8 24. Nxg6 fxg6 25. Qxg6 Be6 26. Nh2 h5 27. gxh5 Bf5 28. Qg3 Rxh5 29. Ng4 Rg5 30. c4 Bxg4 31. hxg4 Rxg4 32. Qh3 dxc4 33. bxc4 Bh4 34. Re4 Rxe4 35. Qxc8+ Rxc8 36. Bxe4 Rf8 37. f3 Rf4 38. d5 cxd5 39. cxd5 Bg5 40. Rd3 Rf7 41. d6 Kf8 42. Bg6 Rf4 43. Rc3 1-0